000 00354nam a22001577a 4500
005 20160623100735.0
008 160623b xxu||||| |||| 00| 0 eng d
020 _a140532029-X
041 _aeng
082 _b9268
245 _aIllstrated Oxford Dictionary
260 _bDorly and Oxford
300 _a1007
650 _aManagement
_9241
942 _cBK
999 _c3628
_d3627